The California two rein and bridle /

Hlavní autor: Sanders, Jeff
Jazyk: Angličtina
Vydáno: [Liberec] : California Vaquero s.r.o., 2021
Vydání: First edition
Témata:
Fyzický popis: 235 stran : ilustrace (převážně barevné), 1 mapa ; 23 cm
Knihy
Uloženo v:
LEADER 01934nam a2200517 i 4500
001 nkc20223391225
003 CZ PrNK
005 20220509085730.0
007 ta
008 220112s2021 xr ab e f 000 0 eng
015 |a cnb003391225 
020 |a 978-80-908485-0-4  |q (vázáno) 
020 |a 978-80-908485-1-1  |q (brožováno) 
035 |a (OCoLC)1315528764 
040 |a OLA001  |b cze  |e rda 
043 |a n-us-ca 
072 7 |a 798  |x Jezdectví. Sporty se zvířaty  |2 Konspekt  |9 20 
080 |a 798  |2 MRF 
080 |a 636.1.046.2  |2 MRF 
080 |a 636.088  |2 MRF 
080 |a (739.4)  |2 MRF 
080 |a (035)  |2 MRF 
100 1 |a Sanders, Jeff  |7 ola20221144768  |4 aut 
245 1 4 |a The California two rein and bridle /  |c Jeff Sanders 
250 |a First edition 
264 1 |a [Liberec] :  |b California Vaquero s.r.o.,  |c 2021 
300 |a 235 stran :  |b ilustrace (převážně barevné), 1 mapa ;  |c 23 cm 
336 |a text  |b txt  |2 rdacontent 
337 |a bez média  |b n  |2 rdamedia 
338 |a svazek  |b nc  |2 rdacarrier 
500 |a Obálkový podnázev: the art and science of the two rein and bridle 
500 |a V tiráži chybné? vročení: 2022, v copyrightu také vročení: 2021 
650 0 7 |a jezdectví  |7 ph114832  |z Kalifornie  |2 czenas 
650 0 7 |a jezdečtí koně  |7 ph114833  |z Kalifornie  |2 czenas 
650 0 7 |a výcvik zvířat  |7 ph135107  |z Kalifornie  |2 czenas 
650 0 9 |a horsemanship  |z California  |2 eczenas 
650 0 9 |a saddle-horses  |z California  |2 eczenas 
650 0 9 |a animal training  |z California  |2 eczenas 
655 7 |a příručky  |7 fd133209  |2 czenas 
655 9 |a handbooks and manuals  |2 eczenas 
910 2 |a BOA001  |b 2-1484.035 
990 |a BK 
995 |a 01 
991 |b 202204  |c NOV 
996 7 |b 2610897403  |c 2-1484.035  |l MZK  |r Sklad / do 1 hodiny  |n 0  |p p.v.  |w 001881282  |u 000020  |a 1  |e BOA001  |j MZK50  |s A 
996 6 |b 2610897404  |c 2-1484.035  |l MZK  |r Sklad / do 1 hodiny  |n 0  |p p.v.  |w 001881282  |u 000010  |a 1  |e BOA001  |j MZK50  |s P